000 00583nam a22001937a 4500
005 20251108170030.0
008 250721s1991 xx 000 0 ara d
082 1 4 _a612.65/مسا
100 1 _aمساعدة، علي
245 1 0 _aالنمو البدني عند الطفل /
264 1 _aاربد :
_bدار الكندي للنشر والتوزيع،
_c1991.
300 _a152ص
650 1 7 _aنمو الطفل
650 1 7 _aسيكلولوجية الأطفال
700 1 _aجرادات، محمد
700 1 _aياسين، بسام
942 _2ddc
_cBK
999 _c37901
_d37901